000 00493nam a22001577a 4500
008 160928b xxu||||| |||| 00| 0 eng d
020 _a0673166481
050 _aHB 172.5 .C64 1984
100 _aColander, David
245 _aMacroeconomics/
_cDavid Colander
260 _aGlenview:
_bScott,Foresman and Company,
_c1986
300 _aix, 554p. :
_bill. ;
500 _aincludes references and index.
650 _aMacroeconomics
942 _2lcc
_cBOOKS
_hHB 172.5 .C64 1984
999 _c14234
_d14234